00447nam a2200181Ia 4500003000400000005001700004008004100021020001800062040000700080041000800087082001900095100001900114245003700133260004500170300001700215365001300232650002000245OSt20230626110231.0210423s9999 xx 000 0 und d a9780198079989 cAL aeng a823 223bJOSS aJOSEPH (Sarah) aOthappu: scent of the other side bOxford University PressaNew Delhic2013 axxxi,286bPB b275cINR aEnglish Fiction